ՀՀ Գիտությունների ազգային ակադեմիայի հիմնարար գիտական գրադարան  =   Fundamental Scientific Library of NAS RA

William Faulkner : (Record no. 269760)

MARC details
000 -LEADER
fixed length control field 00887nam a2200241 a 4500
001 - CONTROL NUMBER
control field 000729592
003 - CONTROL NUMBER IDENTIFIER
control field AM-YeHGA
005 - DATE AND TIME OF LATEST TRANSACTION
control field 20250617143119.0
008 - FIXED-LENGTH DATA ELEMENTS--GENERAL INFORMATION
fixed length control field 100419s1957 xx r 000 0 eng d
040 ## - CATALOGING SOURCE
Original cataloging agency AM-YeHGA
041 0# - LANGUAGE CODE
Language code of text/sound track or separate title eng
090 ## - LOCALLY ASSIGNED LC-TYPE CALL NUMBER (OCLC); LOCAL CALL NUMBER (RLIN)
-- 271397
100 1# - MAIN ENTRY--PERSONAL NAME
Personal name Robb, Mary Cooper
245 10 - TITLE STATEMENT
Title William Faulkner :
Remainder of title An estimate of his contribution to the modern American novel /
Statement of responsibility, etc. by Mary Cooper Robb.
260 ## - PUBLICATION, DISTRIBUTION, ETC.
Place of publication, distribution, etc. Pittsburgh :
Name of publisher, distributor, etc. University of Pittsburgh Press,
Date of publication, distribution, etc. 1957.
300 ## - PHYSICAL DESCRIPTION
Extent 70 p. ;
Dimensions 23 cm.
440 #0 - SERIES STATEMENT/ADDED ENTRY--TITLE
Title Critical essays in English and American literature,
Volume/sequential designation No. 1
504 ## - BIBLIOGRAPHY, ETC. NOTE
Bibliography, etc. note Bibliography: p. 65-66.
504 ## - BIBLIOGRAPHY, ETC. NOTE
Bibliography, etc. note Includes bibliogr. references : (p. 65-70)
600 14 - SUBJECT ADDED ENTRY--PERSONAL NAME
Personal name Faulkner, William,
Dates associated with a name 1897-1962
General subdivision Criticism and interpretation
650 14 - SUBJECT ADDED ENTRY--TOPICAL TERM
Topical term or geographic name entry element American fiction
Chronological subdivision 20th century
General subdivision History and criticism
651 #4 - SUBJECT ADDED ENTRY--GEOGRAPHIC NAME
Geographic name Mississippi
General subdivision Intellectual life
Chronological subdivision 20th century
Holdings
Withdrawn status Lost status Source of classification or shelving scheme Damaged status Not for loan Collection Home library Current library Date acquired Total checkouts Full call number Barcode Date last seen Price effective from Koha item type Public note
    Universal Decimal Classification     Terzian Individual Collection Fundamental Scientific Library Fundamental Scientific Library 29/12/2016   Terz/ 2503 FL0153813 29/12/2016 29/12/2016 Գրքեր / Books ILL Non-Circ.


ՀՀ ԳԱԱ հիմնարար գիտական գրադարան
ՀՀ,Երևան 0019
Մարշալ Բաղրամյան 24/6
հեռախոս:(374-10) 52-47-50
Հետադարձ կապ

All site content, except where otherwise noted, is licensed under a
Creative Commons License